Nitrogen management and ground water protection / (Record no. 14723)

000 -LEADER
fixed length control field 00514cam a2200181 a 4500
020 ## - INTERNATIONAL STANDARD BOOK NUMBER
ISBN 0444873937 (U.S.)
040 ## - CATALOGING SOURCE
Transcribing agency DLC
082 00 - DEWEY DECIMAL CLASSIFICATION NUMBER
Classification number 628 ELS 1989 A052 Or.
245 00 - TITLE STATEMENT
Title Nitrogen management and ground water protection /
260 ## - PUBLICATION, DISTRIBUTION, ETC. (IMPRINT)
Place of publication Amsterdam ;
-- New York :
Name of publisher Elsevier,
Year of publication 1989.
300 ## - PHYSICAL DESCRIPTION
Number of Pages xv, 395 p. :
Other physical details ill. ;
Dimensions 25 cm.
650 #0 - SUBJECT ADDED ENTRY--TOPICAL TERM
Topical Term Nitrogen fertilizers
650 #0 - SUBJECT ADDED ENTRY--TOPICAL TERM
Topical Term Groundwater
650 #0 - SUBJECT ADDED ENTRY--TOPICAL TERM
Topical Term Water quality management.
650 #0 - SUBJECT ADDED ENTRY--TOPICAL TERM
Topical Term Nitrogen in agriculture.
700 1# - ADDED ENTRY--PERSONAL NAME
Personal name Follett, R. F.
942 ## - ADDED ENTRY ELEMENTS (KOHA)
Koha item type សៀវភៅភាសាអង់គ្លេស
952 ## - LOCATION AND ITEM INFORMATION (KOHA)
Withdrawn status [LOCAL, KOHA] 0
Holdings
Permanent Location Date acquired Koha item type Lost status Shelving location Barcode Current Location Full call number
Library Block A2017-10-25សៀវភៅភាសាអង់គ្លេស A052A19979Library Block A628 ELS 1989 A052 Or.
មជ្ឈមណ្ឌលឯការនៃសាកលវិទ្យាល័យភូមិន្ទកសិកម្មចំការដូង

Powered by Koha